LEADER 02986oam 2200721I 450 001 9910465562503321 005 20200520144314.0 010 $a1-136-88312-6 010 $a1-283-54661-2 010 $a1-136-88313-4 010 $a9786613859068 010 $a0-203-83922-6 024 7 $a10.4324/9780203839225 035 $a(CKB)2560000000089389 035 $a(EBL)614895 035 $a(OCoLC)808366413 035 $a(SSID)ssj0000701418 035 $a(PQKBManifestationID)11477254 035 $a(PQKBTitleCode)TC0000701418 035 $a(PQKBWorkID)10673650 035 $a(PQKB)10133223 035 $a(MiAaPQ)EBC614895 035 $a(Au-PeEL)EBL614895 035 $a(CaPaEBR)ebr10592794 035 $a(CaONFJC)MIL385906 035 $a(EXLCZ)992560000000089389 100 $a20180706e20111954 uy 0 101 0 $aeng 135 $aur|n|---||||| 181 $ctxt 182 $cc 183 $acr 200 10$aHungry people and empty lands $ean essay on population problems and international tensions /$fS. Chandrasekhar 210 1$aLondon ;$aNew York :$cRoutledge,$d2011. 215 $a1 online resource (309 p.) 225 1 $aRoutledge library editions. Development ;$vvol. 18 300 $aFirst published in 1954 by G. Allen & Unwin. 311 $a1-138-88082-5 311 $a0-415-59538-X 320 $aIncludes bibliographical references and index. 327 $aHUNGRY PEOPLE AND EMPTY LANDS An Essay on Population Problems and International Tensions; Copyright; HUNGRY PEOPLE AND EMPTY LANDS AN ESSAY ON POPULATION PROBLEMS AND INTERNATIONAL TENSIONS; Copyright; Preface; CONTENTS; List of Tables; List of Charts; Acknowledgments; Introduction; CHAPTER I. The Demographic Cycle; CHAPTER II. World Demographic Disequilibrium; CHAPTER III. Demographic Danger Spots-Japan, China and India; CHAPTER IV. Population and Food Supply; CHAPTER V. Population and Peace; Appendices; APPENDIX A. The Race Question; APPENDIX B. The Freedom to Move 327 $aAPPENDIX C. North Borneo Wants Indian SettlersBibliography; Index 330 $aFirst published in 1954, this reissue deals with the problem of international tensions arising from demographic and fertility differences, with special reference to such heavily populated Asian countries as China, Japan and India. 410 0$aRoutledge library editions.$pDevelopment ;$vv. 18. 606 $aFood supply 606 $aPopulation 606 $aEmigration and immigration 607 $aAsia$xPolitics and government 608 $aElectronic books. 615 0$aFood supply. 615 0$aPopulation. 615 0$aEmigration and immigration. 676 $a301.32 676 $a304.6 676 $a312 700 $aChandrasekhar$b S$g(Sripati),$f1918-2001.,$0915478 801 0$bMiAaPQ 801 1$bMiAaPQ 801 2$bMiAaPQ 906 $aBOOK 912 $a9910465562503321 996 $aHungry people and empty lands$92464047 997 $aUNINA LEADER 02549nas 2200661-- 450 001 996197286803316 005 20240619205909.0 011 $a1963-1359 035 $a(CKB)1000000000278743 035 $a(CONSER)---78642886- 035 $a(EXLCZ)991000000000278743 100 $a20790131b19672016 --- b 101 0 $afre 181 $ctxt$2rdacontent 182 $cc$2rdamedia 183 $acr$2rdacarrier 200 00$aRevue tiers-monde 210 $aParis$cA. Colin 215 $a1 online resource 300 $aImprint varies: [Paris], Presses universitaires de France, 1967- 300 $aSome issues also have a distinctive title. 300 $aRefereed/Peer-reviewed 311 08$aPrint version: Revue tiers-monde. 1293-8882 (DLC) 78642886 (OCoLC)568524002 517 3 $aTiers monde 531 0 $aRev. Tiers monde 606 $aPaïsos en vies de desenvolupament$xCondicions econòmiques$vRevistes$2lemac 606 $aEconomic history$2fast$3(OCoLC)fst00901974 606 $aOntwikkelingseconomie$2gtt 606 $aUnderdeveloped areas$xPeriodicals$2ltcsh 606 $aECONOMIC DEVELOPMENT$2unbist 606 $aECONOMIC POLICY$2unbist 606 $aDEVELOPING COUNTRIES$2unbist 606 $aDesenvolupament econòmic$2thub 607 $aDeveloping countries$xEconomic conditions$vPeriodicals 607 $aDeveloping countries$xEconomic conditions$xPeriodicals 607 $aDeveloping countries$2fast 607 $aPaises en Desarrollo$xCondiciones Económicas$vPublicaciones Periódicas$2sears 607 $aPaises en Desarrollo$xCondiciones Económicas$vPublicaciones Periódicas 607 $aPaïsos en vies de desenvolupament$2thub 608 $aPeriodicals.$2fast 608 $aRevistes electròniques.$2thub 615 7$aPaïsos en vies de desenvolupament$xCondicions econòmiques 615 7$aEconomic history. 615 17$aOntwikkelingseconomie. 615 7$aUnderdeveloped areas$xPeriodicals. 615 7$aECONOMIC DEVELOPMENT. 615 7$aECONOMIC POLICY. 615 7$aDEVELOPING COUNTRIES. 615 7$aDesenvolupament econòmic. 676 $a909/.09724 712 02$aUniversité de Paris.$bInstitut d'étude du développement économique et social. 712 02$aUniversité de Paris I: Panthéon-Sorbonne.$bInstitut d'étude du développement économique et social. 712 02$aArmand Colin (Firm) 906 $aJOURNAL 912 $a996197286803316 920 $aexl_impl conversion 996 $aRevue tiers monde$9789073 997 $aUNISA